Rosen & Barkin's 5-minute emergency medicine consult / (Record no. 817)

000 -LEADER
fixed length control field 02227nam a22005897a 4500
001 - CONTROL NUMBER
control field 14518066
003 - CONTROL NUMBER IDENTIFIER
control field OSt
005 - DATE AND TIME OF LATEST TRANSACTION
control field 20210422062913.0
008 - FIXED-LENGTH DATA ELEMENTS--GENERAL INFORMATION
fixed length control field 060824s2007 pau bf 001 0deng
010 ## - LIBRARY OF CONGRESS CONTROL NUMBER
LC control number 2006028267
015 ## - NATIONAL BIBLIOGRAPHY NUMBER
National bibliography number GBA642970
Source bnb
016 7# - NATIONAL BIBLIOGRAPHIC AGENCY CONTROL NUMBER
Record control number 101285828
Source DNLM
016 7# - NATIONAL BIBLIOGRAPHIC AGENCY CONTROL NUMBER
Record control number 013455329
Source Uk
020 ## - INTERNATIONAL STANDARD BOOK NUMBER
International Standard Book Number 0781771722
020 ## - INTERNATIONAL STANDARD BOOK NUMBER
International Standard Book Number 9780781771726
035 ## - SYSTEM CONTROL NUMBER
System control number (OCoLC)ocm71223169
040 ## - CATALOGING SOURCE
Original cataloging agency DNLM/DLC
Transcribing agency DLC
Modifying agency NLM
-- BAKER
-- UKM
-- C#P
-- YDXCP
-- DLC
041 ## - LANGUAGE CODE
Language code of text/sound track or separate title eng
042 ## - AUTHENTICATION CODE
Authentication code pcc
050 00 - LIBRARY OF CONGRESS CALL NUMBER
Classification number RC86.8
Item number .A14 2007
060 00 - NATIONAL LIBRARY OF MEDICINE CALL NUMBER
Classification number 2007 A-572
060 10 - NATIONAL LIBRARY OF MEDICINE CALL NUMBER
Classification number WB 39
Item number R813 2007
080 ## - UNIVERSAL DECIMAL CLASSIFICATION NUMBER
Universal Decimal Classification number 61
Item number R-79
082 00 - DEWEY DECIMAL CLASSIFICATION NUMBER
Classification number 616.02/5
Edition number 22
245 00 - TITLE STATEMENT
Title Rosen & Barkin's 5-minute emergency medicine consult /
Statement of responsibility, etc. [edited by] Jeffrey Schaider ... [et al.].
246 30 - VARYING FORM OF TITLE
Title proper/short title 5-minute emergency medicine consult
246 3# - VARYING FORM OF TITLE
Title proper/short title Rosen and Barkin's 5-minute emergency medicine consult
250 ## - EDITION STATEMENT
Edition statement 3rd edition
260 ## - PUBLICATION, DISTRIBUTION, ETC.
Place of publication, distribution, etc. Philadelphia, PA :
Name of publisher, distributor, etc. Lippincott Williams & Wilkins,
Date of publication, distribution, etc. c2007.
300 ## - PHYSICAL DESCRIPTION
Extent xli, 1291 p. ;
Dimensions 29 cm.
440 #0 - SERIES STATEMENT/ADDED ENTRY--TITLE
Title 5-minute consult
500 ## - GENERAL NOTE
General note Rev. ed. of: Rosen and Barkin's 5-minute emergency medicine consult.
504 ## - BIBLIOGRAPHY, ETC. NOTE
Bibliography, etc. note Includes bibliographical references and index.
650 #0 - SUBJECT ADDED ENTRY--TOPICAL TERM
Topical term or geographic name entry element Emergency medicine
Form subdivision Handbooks, manuals, etc.
650 #0 - SUBJECT ADDED ENTRY--TOPICAL TERM
Topical term or geographic name entry element Medical emergencies
Form subdivision Handbooks, manuals, etc.
650 #0 - SUBJECT ADDED ENTRY--TOPICAL TERM
Topical term or geographic name entry element Medicine
9 (RLIN) 69
650 12 - SUBJECT ADDED ENTRY--TOPICAL TERM
Topical term or geographic name entry element Emergency Medicine
Form subdivision Handbooks.
650 22 - SUBJECT ADDED ENTRY--TOPICAL TERM
Topical term or geographic name entry element Emergency Medical Services
Form subdivision Handbooks.
650 22 - SUBJECT ADDED ENTRY--TOPICAL TERM
Topical term or geographic name entry element Emergency Treatment
Form subdivision Handbooks.
653 ## - INDEX TERM--UNCONTROLLED
Uncontrolled term მედიცინა
653 ## - INDEX TERM--UNCONTROLLED
Uncontrolled term გადაუდებელი მედიცინა
700 1# - ADDED ENTRY--PERSONAL NAME
Personal name Rosen, Peter,
Dates associated with a name 1935-
700 1# - ADDED ENTRY--PERSONAL NAME
Personal name Barkin, Roger M.
700 1# - ADDED ENTRY--PERSONAL NAME
Personal name Schaider, Jeffrey.
Relator term Editor
700 ## - ADDED ENTRY--PERSONAL NAME
Personal name Hayden, R. Stephen
9 (RLIN) 619
Relator term Editor
700 ## - ADDED ENTRY--PERSONAL NAME
Personal name Wolfe, Richard
9 (RLIN) 620
Relator term Editor
856 41 - ELECTRONIC LOCATION AND ACCESS
Materials specified Table of contents only
Uniform Resource Identifier <a href="http://www.loc.gov/catdir/toc/ecip0619/2006028267.html">http://www.loc.gov/catdir/toc/ecip0619/2006028267.html</a>
856 42 - ELECTRONIC LOCATION AND ACCESS
Materials specified Publisher description
Uniform Resource Identifier <a href="http://www.loc.gov/catdir/enhancements/fy0712/2006028267-d.html">http://www.loc.gov/catdir/enhancements/fy0712/2006028267-d.html</a>
906 ## - LOCAL DATA ELEMENT F, LDF (RLIN)
a 7
b cbc
c orignew
d 1
e ecip
f 20
g y-gencatlg
942 ## - ADDED ENTRY ELEMENTS (KOHA)
Source of classification or shelving scheme
Koha item type Books
Edition 3
Holdings
Withdrawn status Lost status Source of classification or shelving scheme Damaged status Not for loan Permanent location Current location Date acquired Inventory number Total Checkouts Full call number Barcode Date last seen Price effective from Koha item type
          Ken Walker International University Ken Walker International University 12/28/2020 2336   61 R-79 2336 12/28/2020 12/28/2020 Books
          Ken Walker International University Ken Walker International University 05/27/2021 2575   61 R-79 2575 05/27/2021 05/27/2021 Books

Powered by Koha